000
00230nam a2200097Ia 4500
008
190216s9999||||xx |||||||||||||| ||und||
100
_a
Prof.Chacko K C
245
0
_a
Vasthu Balathanthram
260
_b
Kerala Basha Inst
942
_c
BK
999
_c
37719
_d
37719